Estatísticas para Países da África por área

Clique aqui para jogar o quiz

Estatísticas Gerais

  • Esse quiz foi jogado 127 vezes
  • A pontuação média é 43 de 54

Estatísticas das Respostas

filapaís% Correto
1Argélia
97%
7Angola
96%
12Egito
96%
2Rep Dem Congo
94%
4Líbia
93%
6Níger
93%
27Congo
92%
5Chade
90%
3Sudão
90%
14Nigéria
88%
18Marrocos
87%
16Moçambique
87%
9África do Sul
86%
8Mali
86%
10Etiópia
84%
31Guiné
83%
19Sudão do Sul
83%
11Mauritânia
82%
30Gabão
81%
32Gana
81%
15Namíbia
81%
13Tanzânia
81%
50Cabo Verde
80%
51Comores
80%
44Guiné Equatorial
80%
24Quênia
80%
26Zimbábue
80%
42Guiné-Bissau
79%
22Madagáscar
79%
25Camarões
78%
37Eritreia
78%
17Zâmbia
78%
21República
Centro-Africana
77%
54Seychelles
77%
20Somália
77%
43Lesoto
76%
34Senegal
76%
35Tunísia
76%
23Botswana
74%
48Essuatíni
74%
49Gâmbia
74%
53São Tomé e Príncipe
74%
45Burundi
73%
28Côte d'Ivoire
73%
40Serra Leoa
73%
41Togo
73%
52Maurícia
72%
46Ruanda
72%
38Benim
71%
47Djibouti
71%
33Uganda
71%
39Libéria
70%
29Burkina Faso
69%
36Malawi
63%

Distribuição das Pontuações

Percentil de Números Respondidos

Porcentagem de Pessoas com Cada Pontuação

Sua Pontuação Histórica

Você não jogou esse quiz